00000000nam 2200000zi 4500
0019.932683
003CaOODSP
00520250129113351
006m     o  d f      
007cr |n|||||||||
008240118e199112##onc     ob   f|0| 0 eng d
040 |aCaOODSP|beng|erda|cCaOODSP
043 |an-cn-nk
0861 |aEn14-543/1991E-PDF
1001 |aVautour, Arnold, |eauthor.
24513|aAn overview of common tern (Sterna hirundo) management in Kouchibouguac National Park, New Brunswick / |cby: Arnold Vautour, Eric Tremblay, Michel Savoie, Harry Beach.
264 1|a[Ottawa] : |bEnvironment Canada - Canadian Parks Service, |cDecember 1991.
300 |a1 online resource (15 pages)
336 |atext|btxt|2rdacontent
337 |acomputer|bc|2rdamedia
338 |aonline resource|bcr|2rdacarrier
500 |aDigitized edition from print [produced by Environment and Climate Change Canada].
500 |a"Paper presented at the Fourth Meeting of the Atlantic Canada Tern Working Group."
504 |aIncludes bibliographical references (pages 13-15).
520 |a"This short paper is intended to provide members of the Atlantic Canada Tern Working Group with a status report on the Common Terns (Sterna hirundo) breeding in Kouchibouguac National Park"--Introduction, page 2.
650 0|aCommon tern|zNew Brunswick|zKouchibouguac National Park.
650 6|aSterne pierregarin|zNouveau-Brunswick|zParc national Kouchibouguac.
7101 |aCanada. |bEnvironment Canada, |eissuing body.
7101 |aCanada. |bCanadian Parks Service, |eissuing body.
85640|qPDF|s822 KB|uhttps://publications.gc.ca/collections/collection_2025/eccc/En14-543-1991-eng.pdf